000 00894nam a22002897a 4500
003 CHAP
005 20220329141115.0
008 971014s1962 r 00010 d
010 _a62674
011 _a63646
035 _a67823
040 _cCHAP
082 _a330.3
_bN36Y
100 0 0 _aNapoleoni, Claudio.
_980124
245 _aDiccionario de economía política
260 _aMadrid :
_bCastilla,
_c1962
300 _a1604 p.
590 _aBATCH-UPD
_b10
_c20130110
_lUCH01
_h1604
590 _aBATCH-UPD
_b10
_c20130410
_lUCH01
_h1001
590 _aBATCH-UPD
_b10
_c20130914
_lUCH01
_h1232
590 _aCONVERSION
_b10
_c20130109
_lUCH01
_h1334
650 1 4 _aEconomía
_xDiccionarios.
_935232
901 _aBK
942 _cLIBRO
949 _a330.3 N36 Y
_bBC
_cC
_d33724000837837
_eC
_fc.2
_gDonaciØn CONASUPO
_h100851
_i67823
_sb
949 _a330.3 N36Y
_bBC
_cMUT
_d-153351
_eMUT
_h4451
_i67823
_si
999 _c62674
_d62674